000 00494nam a2200157 4500
999 _c7546
_d7546
008 170929b xxu||||| |||| 00| 0 eng d
022 _a01181831
082 _aDPer 613.05 H34 Jul-Nov 2013
100 _922848
_aGan, Anna Gamboa.
245 _aTop 12 beauty favorites/
_cAnna Gamboa Gan.
260 _aPhilippines:
_bMIMS Pte Ltd KDN,
_c©2013.
300 _apages 78-80:
_billustrations;
_c28 cm.
500 _aHealth today.
650 0 _922849
_aBeauty
_xAccessories.
942 _2ddc
_cPER